000 01214nam a22003377a 4500
003 CHAP
005 20220329135949.0
008 971013s1979 r 00010 d
010 _a44808
011 _a45780
035 _a49919
040 _cCHAP
090 _aTesis
100 0 0 _aUranga García, Miguel Alejandro.
_9116814
245 _aEfecto de varios enmendadores para reducir la formación de costras en el suelo y favorecer la energencia de plántulas en un suelo arcilloso de Apodaca, N.L.
260 _aMonterrey, N.L. :
_bEl autor,
_c1979
300 _a42 h.
_b; gráfs.
502 _aTesis (Ing. Agrónomo en Producción Agropecuaria) -- ITESM. Div. de Ciencias Agropecuarias y Marítimas
590 _aALEPH
_b10
_c20130110
_lUCH01
_h1314
590 _aBATCH-UPD
_b10
_c20130110
_lUCH01
_h1914
590 _aBATCH-UPD
_b10
_c20130410
_lUCH01
_h1241
590 _aBATCH-UPD
_b10
_c20130914
_lUCH01
_h1541
590 _aCONVERSION
_b10
_c20130109
_lUCH01
_h1325
650 1 4 _aGerminación.
_947755
650 1 4 _aSuelos arcillosos.
_9110534
650 1 4 _aSuelos
_xCostras.
_9110331
650 1 4 _aSuelos
_xHumedad.
_9110391
901 _aBK
942 _cTESIS
949 _bBC
_cTES
_d-112432
_eTS1
_i49919
_si
999 _c44808
_d44808